01366nam a2200265 i 4500001000300000111010000003245017600103260004700279300002800326490015000354500005200504504002400556650004700580650004900627650001500676655002900691700002300720830015100743020001500894040000800909041001600917080002800933008004100961856009801002bg2 aKonferencja Naukowo-Techniczna Produkcja i Zarządzanie w Hutnictwien(13 ;d2005 ;cSzczyrk).10aProdukcja i zarządzanie w hutnictwie :bXIII Konferencja Naukowo-Techniczna, Szczyrk 29 czerwca - 2 lipca 2005 /c[red. nauk. Jan Mróz] ; Politechnika Częstochowska. aCzęstochowa :bWydaw. WIPMiFS PC,c2005. a455 s. :bil. ;c24 cm.1 aMateriały Konferencyjne Wydziału Inżynierii Procesowej, Materiałowej i Fizyki Stosowanej / Politechnika Częstochowska. Metalurgia ;vnr 49 aTekst częśc., ros. Streszcz. ang. przy ref. aBibliogr. przy ref. 9aHutnictwoxorganizacjazPolskayod 1989 r. 9aHutnictwoxzarządzaniezPolskayod 1989 r. 9aMetalurgia aMateriały konferencyjne1 aMróz, Jan.eRed. 0aMateriały Konferencyjne Wydziału Inżynierii Procesowej, Materiałowej i Fizyki Stosowanej (Politechnika Częstochowska).pMetalurgia ;vnr 49 a8387745030 cBPK0 apolrusbeng a669(438)"1989/..."(061) s pl f |000 0 pol  uhttp://koha.tu.koszalin.pl/cgi-bin/koha/opac-detail.pl?biblionumber=51765yKatalog online BPK